<?xml version="1.0" encoding="UTF-8"?><?xml-stylesheet type="text/xsl" href="static/style.xsl"?><OAI-PMH xmlns="http://www.openarchives.org/OAI/2.0/" xmlns:xsi="http://www.w3.org/2001/XMLSchema-instance" xsi:schemaLocation="http://www.openarchives.org/OAI/2.0/ http://www.openarchives.org/OAI/2.0/OAI-PMH.xsd"><responseDate>2026-04-13T06:46:13Z</responseDate><request verb="GetRecord" identifier="oai:www.recercat.cat:2072/457479" metadataPrefix="marc">https://recercat.cat/oai/request</request><GetRecord><record><header><identifier>oai:recercat.cat:2072/457479</identifier><datestamp>2026-03-26T04:10:56Z</datestamp><setSpec>com_2072_98</setSpec><setSpec>col_2072_378192</setSpec></header><metadata><record xmlns="http://www.loc.gov/MARC21/slim" xmlns:dcterms="http://purl.org/dc/terms/" xmlns:xsi="http://www.w3.org/2001/XMLSchema-instance" xmlns:doc="http://www.lyncode.com/xoai" xsi:schemaLocation="http://www.loc.gov/MARC21/slim http://www.loc.gov/standards/marcxml/schema/MARC21slim.xsd">
   <leader>00925njm 22002777a 4500</leader>
   <datafield ind2=" " ind1=" " tag="042">
      <subfield code="a">dc</subfield>
   </datafield>
   <datafield ind2=" " ind1=" " tag="720">
      <subfield code="a">Górriz López, Carlos</subfield>
      <subfield code="e">author</subfield>
   </datafield>
   <datafield ind2=" " ind1=" " tag="260">
      <subfield code="c">2021</subfield>
   </datafield>
   <datafield ind2=" " ind1=" " tag="520">
      <subfield code="a">El objeto del artículo es la eficacia de las cláusulas de robo de los seguros de transporte terrestre de mercancías y su razón es la controversia judicial que existe al respecto. La sentencia del Tribunal Supremo 590/2017, de 7 de noviembre parecía poner fin a la discusión que existía al calificar estas cláusulas como limitativas de derechos. Sin embargo, dos Audiencias Provinciales y un Juzgado de lo Mercantil se han desmarcado de su doctrina con argumentos de peso. Tras exponer el estado de la cuestión, se analizan los argumentos esgrimidos para sustentar las dos posiciones y se concluye que está mejor fundamentada la calificación de la cláusula como delimitadora del riesgo.</subfield>
   </datafield>
   <datafield ind2=" " ind1=" " tag="520">
      <subfield code="a">The purpose of this paper is the legal effectiveness of a theft clause of a land transport of goods insurance and the reason the judicial controversy arising from it. Judgment of the Supreme Court 590/2017, 7th November seemed to put and end to the discussion as it stated that the clause limited the rights of the insured party. However, two Appeal Courts and one Commercial Court have moved away from this interpretation with powerful arguments. After exposing the state of art, I analyse the arguments that support the two possible interpretations and I hold the qualification of the clause as delimitation term.</subfield>
   </datafield>
   <datafield tag="653" ind2=" " ind1=" ">
      <subfield code="a">Seguro de transporte terrestre</subfield>
   </datafield>
   <datafield tag="653" ind2=" " ind1=" ">
      <subfield code="a">Cláusula de robo</subfield>
   </datafield>
   <datafield tag="653" ind2=" " ind1=" ">
      <subfield code="a">Cláusulas delimitadoras</subfield>
   </datafield>
   <datafield tag="653" ind2=" " ind1=" ">
      <subfield code="a">Cláusulas limitativas</subfield>
   </datafield>
   <datafield tag="653" ind2=" " ind1=" ">
      <subfield code="a">Condiciones generales</subfield>
   </datafield>
   <datafield tag="653" ind2=" " ind1=" ">
      <subfield code="a">Land transport insurance</subfield>
   </datafield>
   <datafield tag="653" ind2=" " ind1=" ">
      <subfield code="a">Theft clause</subfield>
   </datafield>
   <datafield tag="653" ind2=" " ind1=" ">
      <subfield code="a">Delimitation clauses</subfield>
   </datafield>
   <datafield tag="653" ind2=" " ind1=" ">
      <subfield code="a">Restrictive clause</subfield>
   </datafield>
   <datafield tag="653" ind2=" " ind1=" ">
      <subfield code="a">General contract conditions</subfield>
   </datafield>
   <datafield ind2="0" ind1="0" tag="245">
      <subfield code="a">La cláusula de robo en un seguro de transporte : Revisión a la luz de la última jurisprudencia</subfield>
   </datafield>
</record></metadata></record></GetRecord></OAI-PMH>